Normal view MARC view
  • Luzuriaga, Lorenzo,

Entry Nombre Personal

Number of records used in: 43

001 - NUMERO DE CONTROL

  • campo de control: 30333

003 - IDENTIFICADOR DE NUMERO DE CONTROL

  • campo de control: MX-MxUPN

005 - FECHA Y HORA DE LA ÜLTIMA TRANSACCIÓN

  • campo de control: 20240613093229.0

008 - DATOS DE LONGITUD FIJA

  • campo de control de longitud fija: 240424n||acannaabn | aaa |d

010 ## - NÚMERO DE CONTROL DE LA BIBLIOTECA DEL CONGRESO

  • Número de control LC: n 84239801

035 ## - NUMERO DE CONTROL

  • Número de control: UPN11000002439

035 ## - NUMERO DE CONTROL

  • Número de control: (OCoLC)oca01189897

040 ## - FUENTE DE CATALOGACIÓN

  • Lenguaje de catalogación: spa
  • Agencia de transcripción: DLC
  • Agencia original de catalogación: DLC
  • Agencia que lo modifica: DLC
  • Agencia que lo modifica: OCoLC
  • Agencia que lo modifica: MX-MxUPN

100 1# - ENCABEZAMIENTO - NOMBRE PERSONAL

  • Nombre personal: Luzuriaga, Lorenzo,
  • Fechas asociadas con el nombre: 1889-1959

400 1# - VEÁSE - NOMBRE DE PERSONA

  • Personal name: Luzuriaga, L.,
  • Dates associated with a name: 1889-1959

670 ## - FUENTE EN LA QUE SE LOCALIZARON DATOS

  • Cita de la fuente: LC, 24 abril 2024 :
  • Información localizada: (Luzuriaga, Lorenzo, 1889-1959)
  • Uniform Resource Identifier: https://lccn.loc.gov/n84239801

902 ## - CATALOGADOR

  • Catalogador: CAA/100910